000 01517nam a2200409 c 4500
003 BLK
005 20201209104610.0
008 180408b bul|||||r ||||||| ||bul||
010 _aKNG00057797000
020 _a978-954-579-843-6
_bиздат.: Славена
040 _aBLK
041 _aBUL
_cBUL
072 7 _2bullib
_aН93
_xКраезнание - отраслова литература Н
080 _aКраезнание
_b908
_x(497.211)(092)
_z908(497.211)(092)
080 _aБиографии
_b929
_x(497.211)
_z929(497.211)
100 1 _aДряновски, Борислав Николов
_eпърви автор
_9368928
139 _aДряновски, Борислав Николов
_bД 91
245 1 0 _aПочетни граждани на Варна 1879 - 2009
_cБорислав Николов Дряновски.
257 _aBGR
260 Варна
_bСлавена
_c2010
300 _a184 с.
_bс ил., портр.
_c23 см
380 _a9
650 4 _aПочетни звания - България
_9167294
650 4 _aОбщественици - биографии
_9278439
650 4 _aВарна - история
_9253235
651 4 _aВарна
_9178690
651 4 _aБългария
_9241624
653 _aпочетни граждани
653 _aобщественици
653 _aВарна
659 _aН
852 _aЦб 252224
856 4 _qpdf
_u
856 4 _qpdf
_u
942 _cKNG
_n0
_01
944 _aCR
_c04.07.2011
_lф /
_kЛюдмила_Стоянова
944 _aED
_c09.08.2011
_lф /
_k
999 _c53855
_d53855